MARC

LEADER 00000nam0a2200000 4500
001 132465
005 20241128165919.0
035 |a (RuTPU)RU\TPU\book\143436 
090 |a 132465 
100 |a 20080304d2008 m y0rusy50 ca 
101 0 |a rus 
102 |a RU 
105 |a y j 000zy 
200 1 |a Отечественная история  |e практикум для семинарских занятий  |f В. Н. Гузаров, Н. И. Гузарова  |g Томский политехнический университет (ТПУ) 
210 |a Томск  |c Изд-во ТПУ  |d 2008 
215 |a 68 с. 
225 1 |a Учебники Томского политехнического университета 
606 |a Россия  |x История  |9 81526 
610 1 |a исторические источники 
610 1 |a уставы 
610 1 |a указы 
610 1 |a жалованные грамоты 
610 1 |a договоры 
610 1 |a выступления 
610 1 |a письма 
686 |a Т3(2)я73  |2 rubbk 
700 1 |a Гузаров  |b В. Н.  |c российский историк  |c доцент Томского политехнического университета, кандидат исторических наук  |f 1950-  |g Владимир Николаевич  |3 (RuTPU)RU\TPU\pers\25555 
701 1 |a Гузарова  |b Н. И.  |c историк  |c доцент Томского политехнического университета, кандидат исторических наук  |f 1955-  |g Надежда Ивановна  |3 (RuTPU)RU\TPU\pers\26631 
712 0 2 |a Томский политехнический университет (ТПУ)  |3 (RuTPU)RU\TPU\col\376 
801 1 |a RU  |b 63413507  |c 20080304  |g PSBO 
801 2 |a RU  |b 63413507  |c 20160310  |g PSBO 
942 |c BK